000 00542nam a2200193Ia 4500
005 20250326145104.0
008 250326s9999 xx 000 0 und d
037 _aTextbook
040 _aFMSL
_beng
_cFMSL
041 _aeng
_2eng
084 _aX9W:8 P9
_qFMSL
100 _aChaston I
_9742516
245 0 _aEntrepreneurial management in small firms
_cChaston I
260 _aNew Delhi
_bNew Delhi, Sage
_c2009
365 _b2066.4072000000001
650 _aManagement
942 _cTB
_hX9W:8 P9
999 _c1306326
_d1306326